| 000 | 01098cam a2200277 a 4500 | ||
|---|---|---|---|
| 999 |
_c29035 _d29034 |
||
| 001 | 13459655 | ||
| 003 | OSt | ||
| 005 | 20170605211656.0 | ||
| 008 | 040115s2004 nju bf 001 0 eng | ||
| 010 | _a 2004268289 | ||
| 020 | _a0130483974 (pbk.) | ||
| 027 | _qDLC | ||
| 040 |
_aMMU _cMMU _dMMU _beng |
||
| 050 | 0 | 0 |
_aRT51 _b.G38 2004 |
| 082 | 0 | 4 |
_a610.73/677 _221 |
| 100 | 1 | _aLeMone, Priscilla. | |
| 245 | 1 | 0 |
_aClinical handbook for medical-surgical nursing : _bcritical thinking in client care / _cPriscilla LeMone, Karen M. Burke. |
| 250 | _a3rd ed. | ||
| 260 |
_aUpper Saddle River, N.J. : _bPrentice-Hall, _cc2004. |
||
| 300 |
_axi, 644 p. ; _c21 cm. |
||
| 504 | _aIncludes bibliographical references and index. | ||
| 650 | 0 |
_aNursing _vHandbooks, manuals, etc. |
|
| 650 | 0 |
_aSurgical nursing _vHandbooks, manuals, etc. |
|
| 700 | 1 | _aBurke, Karen M. | |
| 700 | 1 |
_aGauthier, Susan P. _tClinical handbook for medical-surgical nursing. |
|
| 906 |
_a7 _bcbc _corigcop _d2 _encip _f20 _gy-gencatlg |
||
| 942 |
_2lcc _cLOAN LOAN _e3rd ed. |
||